000 00794pab a2200169 454500
008 180718b2003 xxu||||| |||| 00| 0 eng d
100 _aDebnath, Suraj Kumar
245 _aEnvironmental pollution and social degradation
260 _c2003
300 _ap.410-11.
362 _aJun
520 _aEnvironmental pollution has a great impact on men and society. It adversely affects on the human health or public health, animals and plants. Environmental pollution decreases the efficiency and performing capacities of human beings and it increases the mental depression and enhances neurological excitement and decreases the average age level of men and animals - Reproduced.
650 _aPollution
650 _aEnvironmental pollution
773 _aManagement Accountant
909 _a56939
999 _c56939
_d56939